000 00539nam a2200205Ia 4500
003 LK-CoDNM
005 20241210102059.0
008 010623t1977 xxu||||| |||| 00| 1 eng d
040 _aLK-CoDNM
_dLK-CoDNM
_eLK-CoDNM
041 _aeng
080 _a8 S.07:820.07
_bDES
100 _aSaram, D.D.
245 3 _aAn Introduction to spoken Sinhala
260 _bExternal services agency university of Sri Lanka
_c1977
300 _b115p. ; 25 cm
650 _aLiterature
650 _aSinhala language
650 _a1977
942 _cBK
999 _c110038
_d110038